[Event "ABC 2024 Utrecht, Groep BCm"]
[Site "Utrecht."]
[Date "2024.03.09"]
[Round "4.2"]
[White "Barbier, Emma"]
[Black "Oostinga, Elisa"]
[Result "0-1"]
[WhiteElo "1464"]
[BlackElo "1766"]

1. e4 {[%clk 00:55:19]} c6 {[%clk 00:55:14]} {[%emt 00:00:06]} 2. Nc3 {[%clk
00:55:18]} {[%emt 00:00:11]} d5 {[%clk 00:55:17]} {[%emt 00:00:07]} 3. d3
{[%clk 00:55:22]} {[%emt 00:00:07]} e5 {[%clk 00:54:10]} {[%emt 00:01:16]} 4.
Nf3 {[%clk 00:55:12]} {[%emt 00:00:20]} Bg4 {[%clk 00:53:38]} {[%emt 00:00:42]}
5. h3 {[%clk 00:55:11]} {[%emt 00:00:11]} Bxf3 {[%clk 00:52:45]} {[%emt
00:01:02]} 6. Qxf3 {[%clk 00:55:06]} {[%emt 00:00:15]} Bb4 {[%clk 00:48:45]}
{[%emt 00:04:10]} 7. Bd2 {[%clk 00:54:51]} {[%emt 00:00:25]} Nf6 {[%clk
00:46:30]} {[%emt 00:02:26]} 8. Be2 {[%clk 00:54:19]} {[%emt 00:00:43]} Qd6
{[%clk 00:39:43]} {[%emt 00:06:56]} 9. Qg3 {[%clk 00:53:16]} {[%emt 00:01:12]}
Rg8 {[%clk 00:37:38]} {[%emt 00:02:15]} 10. a3 {[%clk 00:52:51]} {[%emt
00:00:35]} Ba5 {[%clk 00:34:23]} {[%emt 00:03:25]} 11. f4 {[%clk 00:47:56]}
{[%emt 00:05:07]} Bxc3 {[%clk 00:33:34]} {[%emt 00:00:59]} 12. Bxc3 {[%clk
00:47:27]} {[%emt 00:00:39]} exf4 {[%clk 00:33:23]} {[%emt 00:00:20]} 13. Qf3
{[%clk 00:46:22]} {[%emt 00:01:14]} Nbd7 {[%clk 00:32:52]} {[%emt 00:00:42]} 14.
Rf1 {[%clk 00:45:16]} {[%emt 00:01:16]} g5 {[%clk 00:30:32]} {[%emt 00:02:29]}
15. g3 {[%clk 00:42:24]} {[%emt 00:03:03]} O-O-O {[%clk 00:19:19]} {[%emt
00:11:23]} 16. gxf4 {[%clk 00:41:44]} {[%emt 00:00:50]} gxf4 {[%clk 00:14:56]}
{[%emt 00:04:34]} 17. Qxf4 {[%clk 00:41:08]} {[%emt 00:00:45]} Qxf4 {[%clk
00:13:23]} {[%emt 00:01:43]} 18. Rxf4 {[%clk 00:40:58]} {[%emt 00:00:20]} Rg6
{[%clk 00:10:02]} {[%emt 00:03:31]} 19. O-O-O {[%clk 00:38:32]} {[%emt
00:02:36]} Re8 {[%clk 00:03:26]} {[%emt 00:06:46]} 20. Rdf1 {[%clk 00:36:45]}
{[%emt 00:01:58]} Re6 {[%clk 00:03:14]} {[%emt 00:00:22]} 21. e5 {[%clk
00:35:14]} {[%emt 00:01:40]} Nxe5 {[%clk 00:02:54]} {[%emt 00:00:30]} 22. Bd1
{[%clk 00:31:23]} {[%emt 00:04:02]} Ned7 {[%clk 00:01:55]} {[%emt 00:01:08]} 23.
h4 {[%clk 00:29:35]} {[%emt 00:01:59]} h5 {[%clk 00:01:39]} {[%emt 00:00:25]}
24. Rf5 {[%clk 00:28:55]} {[%emt 00:00:51]} Rh6 {[%clk 00:01:33]} {[%emt
00:00:16]} 25. Bd2 {[%clk 00:28:16]} {[%emt 00:00:49]} Rh7 {[%clk 00:01:19]}
{[%emt 00:00:24]} 26. Bg5 {[%clk 00:28:05]} {[%emt 00:00:21]} Ng4 {[%clk
00:00:58]} {[%emt 00:00:31]} 27. Rxf7 {[%clk 00:27:18]} {[%emt 00:00:57]} Rxf7
{[%clk 00:00:56]} {[%emt 00:00:12]} 28. Rxf7 {[%clk 00:27:25]} {[%emt
00:00:03]} Re1 {[%clk 00:00:53]} {[%emt 00:00:12]} 29. Bf4 {[%clk 00:26:44]}
{[%emt 00:00:52]} b6 {[%clk 00:00:32]} {[%emt 00:00:30]} 30. Rh7 {[%clk
00:25:30]} {[%emt 00:01:24]} Nf2 {[%clk 00:00:38]} {[%emt 00:00:05]} 31. Kb1
{[%clk 00:24:50]} {[%emt 00:00:51]} Rxd1+ {[%clk 00:00:45]} {[%emt 00:00:02]}
32. Ka2 {[%clk 00:24:57]} {[%emt 00:00:03]} Rf1 {[%clk 00:00:37]} {[%emt
00:00:19]} 33. Rxh5 {[%clk 00:24:34]} {[%emt 00:00:31]} Ng4 {[%clk 00:00:36]}
{[%emt 00:00:11]} 34. Bd6 {[%clk 00:23:47]} {[%emt 00:00:58]} Ngf6 {[%clk
00:00:41]} {[%emt 00:00:05]} 35. Rh8+ {[%clk 00:22:58]} {[%emt 00:00:59]} Kb7
{[%clk 00:00:49]} {[%emt 00:00:02]} 36. a4 {[%clk 00:22:23]} {[%emt 00:00:45]}
Rf2 {[%clk 00:00:51]} {[%emt 00:00:08]} 37. Kb3 {[%clk 00:22:25]} {[%emt
00:00:08]} Rg2 {[%clk 00:00:55]} {[%emt 00:00:06]} 38. Kc3 {[%clk 00:22:13]}
{[%emt 00:00:22]} Rg4 {[%clk 00:00:53]} {[%emt 00:00:12]} 39. b3 {[%clk
00:22:04]} {[%emt 00:00:19]} c5 {[%clk 00:00:48]} {[%emt 00:00:15]} 40. h5
{[%clk 00:21:34]} {[%emt 00:00:40]} Rh4 {[%clk 00:00:43]} {[%emt 00:00:15]} 41.
h6 {[%clk 00:21:05]} {[%emt 00:00:39]} Rh5 {[%clk 00:00:49]} {[%emt 00:00:04]}
42. b4 {[%clk 00:20:48]} {[%emt 00:00:27]} cxb4+ {[%clk 00:00:46]} {[%emt
00:00:12]} 43. Kxb4 {[%clk 00:20:49]} {[%emt 00:00:10]} a5+ {[%clk 00:00:44]}
{[%emt 00:00:13]} 44. Kc3 {[%clk 00:20:27]} {[%emt 00:00:31]} Kc6 {[%clk
00:00:42]} {[%emt 00:00:11]} 45. Be7 {[%clk 00:20:14]} {[%emt 00:00:23]} Rh3
{[%clk 00:00:34]} {[%emt 00:00:18]} 46. Kb3 {[%clk 00:19:49]} {[%emt 00:00:36]}
Nc5+ {[%clk 00:00:28]} {[%emt 00:00:16]} 47. Kc3 {[%clk 00:19:39]} {[%emt
00:00:20]} Ncd7 {[%clk 00:00:35]} {[%emt 00:00:03]} 48. Rc8+ {[%clk 00:18:13]}
{[%emt 00:01:36]} Kb7 {[%clk 00:00:39]} {[%emt 00:00:06]} 49. Rh8 {[%clk
00:17:28]} {[%emt 00:00:54]} Rh5 {[%clk 00:00:39]} {[%emt 00:00:10]} 50. Kd2
{[%clk 00:17:18]} {[%emt 00:00:20]} Ng4 {[%clk 00:00:35]} {[%emt 00:00:14]} 51.
h7 {[%clk 00:16:56]} {[%emt 00:00:33]} Ngf6 {[%clk 00:00:43]} {[%emt 00:00:02]}
52. Rd8 {[%clk 00:15:31]} {[%emt 00:01:34]} Rxh7 {[%clk 00:00:45]} {[%emt
00:00:08]} 53. Bxf6 {[%clk 00:15:22]} {[%emt 00:00:19]} Nxf6 {[%clk 00:00:54]}
{[%emt 00:00:03]} 54. c4 {[%clk 00:15:12]} {[%emt 00:00:19]} dxc4 {[%clk
00:01:02]} {[%emt 00:00:02]} 55. dxc4 {[%clk 00:15:13]} {[%emt 00:00:08]} Rd7+
{[%clk 00:01:11]} {[%emt 00:00:02]} 56. Rxd7+ {[%clk 00:15:08]} {[%emt
00:00:14]} Nxd7 {[%clk 00:01:20]} {[%emt 00:00:01]} 57. Kc3 {[%clk 00:15:10]}
{[%emt 00:00:09]} Nc5 {[%clk 00:01:29]} 58. Kc2 {[%clk 00:15:10]} {[%emt
00:00:10]} Nxa4 {[%clk 00:01:38]} {[%emt 00:00:01]} 59. Kb3 {[%clk 00:15:04]}
{[%emt 00:00:16]} Nc5+ {[%clk 00:01:47]} 60. Kc3 {[%clk 00:15:02]} {[%emt
00:00:11]} Kc6 {[%clk 00:01:56]} {[%emt 00:00:02]} 61. Kb2 {[%clk 00:15:04]}
{[%emt 00:00:07]} b5 {[%clk 00:02:00]} {[%emt 00:00:07]} 62. cxb5+ {[%clk
00:15:07]} {[%emt 00:00:06]} Kxb5 {[%clk 00:02:09]} {[%emt 00:00:02]} 63. Ka3
{[%clk 00:15:05]} {[%emt 00:00:12]} a4 {[%clk 00:02:16]} {[%emt 00:00:03]} 64.
Kb2 {[%clk 00:15:03]} {[%emt 00:00:12]} Kb4 {[%clk 00:02:25]} 65. Ka2 {[%clk
00:14:58]} {[%emt 00:00:14]} a3 {[%clk 00:02:33]} {[%emt 00:00:03]} 66. Kb1
{[%clk 00:14:54]} {[%emt 00:00:14]} Na4 {[%clk 00:02:32]} {[%emt 00:00:10]} 67.
Ka2 {[%clk 00:14:51]} {[%emt 00:00:13]} Nc3+ {[%clk 00:02:40]} {[%emt
00:00:02]} 68. Ka1 {[%clk 00:14:50]} {[%emt 00:00:12]} Na4 {[%clk 00:02:28]}
{[%emt 00:00:23]} 69. Kb1 {[%clk 00:14:05]} {[%emt 00:00:54]} Nc3+ {[%clk
00:02:06]} {[%emt 00:00:30]} 70. Ka1 {[%clk 00:13:59]} {[%emt 00:00:17]} Ne2
{[%clk 00:02:09]} {[%emt 00:00:07]} 71. Kb1 {[%clk 00:13:28]} {[%emt 00:00:42]}
Nd4 {[%clk 00:01:58]} {[%emt 00:00:21]} 72. Ka1 {[%clk 00:11:45]} {[%emt
00:01:51]} Kb3 {[%clk 00:01:56]} {[%emt 00:00:13]} 73. Kb1 {[%clk 00:11:44]}
{[%emt 00:00:12]} a2+ {[%clk 00:02:02]} {[%emt 00:00:04]} 74. Ka1 {[%clk
00:11:41]} {[%emt 00:00:12]} Nc2# {[%clk 00:01:55]} {[%emt 00:00:02]} 0-1

[Event "ABC 2024 Utrecht, Groep BCm"]
[Site "Utrecht."]
[Date "2024.03.09"]
[Round "4.3"]
[White "Leenen, Pomme"]
[Black "Yildirim, Azra"]
[Result "0-1"]
[WhiteElo "1127"]
[BlackElo "1635"]

1. e4 {[%clk 00:55:19]} e5 {[%clk 00:55:15]} {[%emt 00:00:05]} 2. Nf3 {[%clk
00:55:24]} {[%emt 00:00:04]} Nc6 {[%clk 00:55:18]} {[%emt 00:00:09]} 3. Bc4
{[%clk 00:55:29]} {[%emt 00:00:04]} h6 {[%clk 00:55:17]} {[%emt 00:00:11]} 4.
Nc3 {[%clk 00:55:29]} {[%emt 00:00:09]} Nf6 {[%clk 00:54:53]} {[%emt 00:00:35]}
5. d3 {[%clk 00:55:25]} {[%emt 00:00:08]} Bc5 {[%clk 00:54:24]} {[%emt
00:00:45]} 6. Be3 {[%clk 00:55:17]} {[%emt 00:00:18]} Bb6 {[%clk 00:54:26]}
{[%emt 00:00:09]} 7. O-O {[%clk 00:55:01]} {[%emt 00:00:08]} O-O {[%clk
00:53:41]} {[%emt 00:01:12]} 8. a3 {[%clk 00:54:57]} {[%emt 00:00:12]} d6
{[%clk 00:53:39]} {[%emt 00:00:15]} 9. h3 {[%clk 00:54:56]} {[%emt 00:00:10]}
Be6 {[%clk 00:52:51]} {[%emt 00:00:59]} 10. Ba2 {[%clk 00:54:56]} {[%emt
00:00:09]} Qd7 {[%clk 00:50:42]} {[%emt 00:02:19]} 11. Kh2 {[%clk 00:54:33]}
{[%emt 00:00:32]} Ne7 {[%clk 00:49:14]} {[%emt 00:01:39]} 12. Qd2 {[%clk
00:54:18]} {[%emt 00:00:25]} Kh7 {[%clk 00:47:11]} {[%emt 00:02:13]} 13. Rad1
{[%clk 00:52:10]} {[%emt 00:02:16]} Ng6 {[%clk 00:46:35]} {[%emt 00:00:48]} 14.
Nd5 {[%clk 00:51:14]} {[%emt 00:01:06]} Nxd5 {[%clk 00:46:10]} {[%emt
00:00:36]} 15. Bxd5 {[%clk 00:51:07]} {[%emt 00:00:16]} c6 {[%clk 00:45:41]}
{[%emt 00:00:39]} 16. Bxe6 {[%clk 00:50:46]} {[%emt 00:00:31]} fxe6 {[%clk
00:45:18]} {[%emt 00:00:34]} 17. Qc3 {[%clk 00:50:12]} {[%emt 00:00:44]} Qf7
{[%clk 00:42:40]} {[%emt 00:02:48]} 18. Rd2 {[%clk 00:48:00]} {[%emt 00:02:21]}
Nf4 {[%clk 00:40:21]} {[%emt 00:02:29]} 19. Bxf4 {[%clk 00:46:35]} {[%emt
00:01:35]} Qxf4+ {[%clk 00:39:49]} {[%emt 00:00:42]} 20. Kg1 {[%clk 00:46:13]}
{[%emt 00:00:32]} Bd4 {[%clk 00:37:59]} {[%emt 00:02:01]} 21. Qb3 {[%clk
00:45:44]} {[%emt 00:00:38]} Qf7 {[%clk 00:34:10]} {[%emt 00:03:59]} 22. Re2
{[%clk 00:45:08]} {[%emt 00:00:45]} Bb6 {[%clk 00:32:34]} {[%emt 00:01:47]} 23.
c3 {[%clk 00:44:02]} {[%emt 00:01:16]} Qg6 {[%clk 00:31:37]} {[%emt 00:01:08]}
24. Qc2 {[%clk 00:43:38]} {[%emt 00:00:33]} Rxf3 {[%clk 00:31:17]} {[%emt
00:00:30]} 25. Kh2 {[%clk 00:42:59]} {[%emt 00:00:49]} Rf6 {[%clk 00:30:22]}
{[%emt 00:01:06]} 26. Qd2 {[%clk 00:42:21]} {[%emt 00:00:47]} Raf8 {[%clk
00:29:14]} {[%emt 00:01:18]} 27. d4 {[%clk 00:41:44]} {[%emt 00:00:48]} exd4
{[%clk 00:27:18]} {[%emt 00:02:06]} 28. cxd4 {[%clk 00:41:46]} {[%emt
00:00:07]} e5 {[%clk 00:26:40]} {[%emt 00:00:49]} 29. dxe5 {[%clk 00:40:59]}
{[%emt 00:00:56]} dxe5 {[%clk 00:26:45]} {[%emt 00:00:06]} 30. f3 {[%clk
00:39:42]} {[%emt 00:01:24]} Rd8 {[%clk 00:23:33]} {[%emt 00:03:24]} 31. Qc3
{[%clk 00:39:24]} {[%emt 00:00:28]} Qg5 {[%clk 00:23:01]} {[%emt 00:00:42]} 32.
Qb3 {[%clk 00:37:22]} {[%emt 00:02:11]} Rg6 {[%clk 00:20:59]} {[%emt 00:02:13]}
33. Qf7 {[%clk 00:35:12]} {[%emt 00:02:20]} Rd2 {[%clk 00:19:53]} {[%emt
00:01:17]} 34. Rxd2 {[%emt 00:00:29]} Qxd2 {[%emt 00:00:09]} 35. Qxg6+ {[%clk
00:32:41]} {[%emt 00:02:03]} Kxg6 {[%clk 00:19:51]} {[%emt 00:00:12]} 36. Rb1
{[%clk 00:32:04]} {[%emt 00:00:47]} Qc2 {[%clk 00:18:54]} {[%emt 00:01:06]} 37.
Ra1 {[%clk 00:31:50]} {[%emt 00:00:24]} Qxb2 {[%clk 00:18:44]} {[%emt
00:00:20]} 38. Re1 {[%emt 00:00:16]} Qxa3 {[%emt 00:00:18]} 39. Rd1 {[%clk
00:30:09]} {[%emt 00:01:15]} Bd4 {[%clk 00:18:18]} {[%emt 00:00:38]} 40. Rf1
{[%clk 00:29:22]} {[%emt 00:00:39]} a5 {[%clk 00:16:58]} {[%emt 00:01:49]} 41.
Rb1 {[%clk 00:28:43]} {[%emt 00:00:46]} b5 {[%clk 00:16:49]} {[%emt 00:00:21]}
42. Rd1 {[%clk 00:28:24]} {[%emt 00:00:27]} Qc3 {[%clk 00:16:29]} {[%emt
00:00:32]} 43. Rb1 {[%clk 00:28:04]} {[%emt 00:00:27]} a4 {[%clk 00:16:32]}
{[%emt 00:00:11]} 44. Rd1 {[%clk 00:27:57]} {[%emt 00:00:16]} a3 {[%clk
00:16:33]} {[%emt 00:00:09]} 45. Rb1 {[%clk 00:27:54]} {[%emt 00:00:12]} a2
{[%clk 00:16:34]} {[%emt 00:00:11]} 46. Rd1 {[%clk 00:27:44]} {[%emt 00:00:19]}
a1=Q {[%clk 00:16:31]} {[%emt 00:00:14]} 47. Rxa1 {[%clk 00:27:23]} {[%emt
00:00:31]} Qxa1 {[%clk 00:16:38]} {[%emt 00:00:03]} 48. Kg3 {[%clk 00:26:26]}
{[%emt 00:00:25]} Qe1+ {[%clk 00:16:45]} {[%emt 00:00:44]} 49. Kg4 {[%clk
00:26:10]} {[%emt 00:00:26]} h5# {[%clk 00:16:48]} {[%emt 00:00:07]} 0-1

[Event "ABC 2024 Utrecht, Groep BCm"]
[Site "Utrecht."]
[Date "2024.03.09"]
[Round "4.4"]
[White "Vermeulen, Ilona"]
[Black "Jermin, Ayleanna"]
[Result "1-0"]
[WhiteElo "1486"]
[BlackElo "1197"]

1. e4 {[%clk 00:55:19]} e5 {[%clk 00:55:03]} {[%emt 00:00:18]} 2. Nf3 {[%clk
00:55:23]} {[%emt 00:00:06]} d6 {[%clk 00:54:45]} {[%emt 00:00:27]} 3. Nc3
{[%clk 00:55:13]} {[%emt 00:00:20]} f5 {[%clk 00:54:27]} {[%emt 00:00:28]} 4.
d4 {[%clk 00:54:44]} {[%emt 00:00:40]} fxe4 {[%clk 00:54:00]} {[%emt 00:00:36]}
5. Nxe4 {[%clk 00:54:29]} {[%emt 00:00:25]} exd4 {[%clk 00:53:57]} {[%emt
00:00:13]} 6. Nxd4 {[%clk 00:54:10]} {[%emt 00:00:30]} Qe7 {[%clk 00:53:58]}
{[%emt 00:00:09]} 7. Qf3 {[%clk 00:53:19]} {[%emt 00:01:01]} d5 {[%clk
00:53:49]} {[%emt 00:00:18]} 8. Qh5+ {[%clk 00:52:18]} {[%emt 00:01:11]} g6
{[%clk 00:53:50]} {[%emt 00:00:10]} 9. Qxd5 {[%clk 00:50:21]} {[%emt 00:02:07]}
Nf6 {[%clk 00:53:26]} {[%emt 00:00:33]} 10. Qg5 {[%clk 00:49:05]} {[%emt
00:01:26]} Nxe4 {[%clk 00:53:22]} {[%emt 00:00:14]} 11. Qxe7+ {[%clk 00:48:55]}
{[%emt 00:00:21]} Bxe7 {[%clk 00:53:23]} {[%emt 00:00:07]} 12. Bd3 {[%clk
00:48:42]} {[%emt 00:00:24]} Bf5 {[%clk 00:53:02]} {[%emt 00:00:31]} 13. f3
{[%clk 00:48:16]} {[%emt 00:00:37]} Nc5 {[%clk 00:52:59]} {[%emt 00:00:13]} 14.
Bxf5 {[%clk 00:48:12]} {[%emt 00:00:13]} gxf5 {[%clk 00:53:05]} {[%emt
00:00:04]} 15. Nxf5 {[%clk 00:47:59]} {[%emt 00:00:24]} Nc6 {[%emt 00:01:04]}
16. Nxe7 {[%clk 00:47:38]} {[%emt 00:00:07]} Nxe7 {[%clk 00:52:42]} {[%emt
00:00:03]} 17. O-O {[%clk 00:47:25]} {[%emt 00:00:23]} O-O-O {[%clk 00:52:41]}
{[%emt 00:00:11]} 18. Bg5 {[%clk 00:47:25]} {[%emt 00:00:10]} Rd7 {[%clk
00:51:55]} {[%emt 00:00:55]} 19. Bxe7 {[%clk 00:46:29]} {[%emt 00:01:06]} Rxe7
{[%clk 00:52:00]} {[%emt 00:00:05]} 20. Rae1 {[%clk 00:46:07]} {[%emt
00:00:33]} Rhe8 {[%clk 00:51:45]} {[%emt 00:00:24]} 21. Rxe7 {[%clk 00:45:59]}
{[%emt 00:00:19]} Rxe7 {[%clk 00:51:51]} {[%emt 00:00:03]} 22. Rf2 {[%clk
00:45:48]} {[%emt 00:00:23]} Re1+ {[%clk 00:51:44]} {[%emt 00:00:15]} 23. Rf1
{[%clk 00:45:45]} {[%emt 00:00:13]} Re2 {[%clk 00:51:41]} {[%emt 00:00:13]} 24.
b4 {[%clk 00:44:55]} {[%emt 00:01:01]} Ne6 {[%clk 00:51:35]} 25. g4 {[%clk
00:44:33]} {[%emt 00:00:47]} Nf4 {[%clk 00:51:21]} 26. h3 {[%clk 00:44:33]}
Nxh3+ {[%clk 00:51:21]} 27. Kh1 {[%clk 00:43:46]} {[%emt 00:01:39]} Nf2+ {[%clk
00:51:00]} 28. Kg2 {[%clk 00:43:46]} Nxg4+ {[%clk 00:51:00]} 29. Kg3 {[%clk
00:43:46]} Ne3 {[%clk 00:51:00]} 30. Rg1 {[%clk 00:43:46]} Nxc2 {[%clk
00:51:00]} 31. Kf4 {[%clk 00:40:22]} {[%emt 00:06:23]} Nxb4 {[%clk 00:49:30]}
32. Rg8+ {[%clk 00:40:17]} {[%emt 00:00:39]} Re8 {[%clk 00:49:31]} 33. Rxe8+
{[%clk 00:40:17]} Kb8 {[%clk 00:49:31]} {[%emt 00:00:09]} 1-0

[Event "ABC 2024 Utrecht, Groep BCm"]
[Site "Utrecht."]
[Date "2024.03.09"]
[Round "4.5"]
[White "Bhaskarabhatla, Maithili M"]
[Black "Esvelt, Klio"]
[Result "0-1"]
[WhiteElo "1146"]
[BlackElo "1352"]

1. e4 {[%clk 00:55:18]} {[%emt 00:00:02]} e5 {[%clk 00:55:18]} {[%emt
00:00:03]} 2. Nf3 {[%clk 00:55:23]} {[%emt 00:00:05]} Nc6 {[%clk 00:55:23]}
{[%emt 00:00:04]} 3. d4 {[%clk 00:55:28]} {[%emt 00:00:05]} exd4 {[%clk
00:54:57]} {[%emt 00:00:36]} 4. Nxd4 {[%clk 00:55:31]} {[%emt 00:00:07]} Qf6
{[%clk 00:55:02]} {[%emt 00:00:05]} 5. Be3 {[%clk 00:55:17]} {[%emt 00:00:21]}
Bc5 {[%clk 00:54:59]} {[%emt 00:00:17]} 6. c3 {[%clk 00:54:51]} {[%emt
00:00:35]} Qd6 {[%clk 00:51:21]} {[%emt 00:03:36]} 7. Bb5 {[%clk 00:54:26]}
{[%emt 00:00:48]} Nxd4 {[%clk 00:51:15]} {[%emt 00:00:15]} 8. Bxd4 {[%clk
00:54:07]} {[%emt 00:00:29]} Bxd4 {[%clk 00:50:58]} {[%emt 00:00:27]} 9. cxd4
{[%clk 00:53:48]} {[%emt 00:00:29]} Qg6 {[%clk 00:50:51]} {[%emt 00:00:10]} 10.
Qf3 {[%clk 00:53:08]} {[%emt 00:00:53]} Ne7 {[%clk 00:50:43]} {[%emt 00:00:16]}
11. Nc3 {[%clk 00:52:58]} {[%emt 00:00:25]} O-O {[%clk 00:50:32]} {[%emt
00:00:22]} 12. O-O {[%clk 00:52:48]} {[%emt 00:00:20]} c6 {[%clk 00:50:08]}
{[%emt 00:00:34]} 13. Bd3 {[%clk 00:52:24]} {[%emt 00:00:35]} d6 {[%clk
00:49:23]} {[%emt 00:00:54]} 14. Rad1 {[%clk 00:51:23]} {[%emt 00:00:58]} Bg4
{[%clk 00:49:08]} {[%emt 00:00:36]} 15. e5 {[%clk 00:50:29]} {[%emt 00:01:06]}
Bxf3 {[%clk 00:49:10]} {[%emt 00:00:08]} 16. Bxg6 {[%clk 00:50:26]} {[%emt
00:00:13]} Bxd1 {[%clk 00:49:06]} {[%emt 00:00:14]} 17. Rxd1 {[%clk 00:49:42]}
{[%emt 00:00:54]} fxg6 {[%clk 00:49:11]} {[%emt 00:00:05]} 18. exd6 {[%clk
00:49:09]} {[%emt 00:00:43]} Nd5 {[%clk 00:49:13]} {[%emt 00:00:07]} 19. Re1
{[%clk 00:45:57]} {[%emt 00:03:22]} Nxc3 {[%clk 00:49:00]} {[%emt 00:00:24]} 20.
bxc3 {[%clk 00:45:54]} {[%emt 00:00:13]} Rfe8 {[%clk 00:49:06]} {[%emt
00:00:04]} 21. Re5 {[%clk 00:45:01]} {[%emt 00:01:00]} Rxe5 {[%clk 00:48:20]}
{[%emt 00:01:00]} 22. dxe5 {[%clk 00:44:37]} {[%emt 00:00:32]} Kf7 {[%clk
00:48:24]} {[%emt 00:00:07]} 23. g3 {[%clk 00:44:29]} {[%emt 00:00:18]} Ke6
{[%clk 00:48:30]} {[%emt 00:00:05]} 24. f4 {[%clk 00:43:32]} {[%emt 00:01:06]}
g5 {[%clk 00:48:21]} {[%emt 00:00:19]} 25. Kf2 {[%clk 00:42:31]} {[%emt
00:01:11]} gxf4 {[%clk 00:48:26]} {[%emt 00:00:05]} 26. gxf4 {[%clk 00:42:30]}
{[%emt 00:00:11]} g5 {[%clk 00:48:33]} {[%emt 00:00:02]} 27. Ke3 {[%clk
00:41:33]} {[%emt 00:01:08]} gxf4+ {[%clk 00:48:11]} {[%emt 00:00:32]} 28. Kxf4
{[%clk 00:41:19]} {[%emt 00:00:20]} Rf8+ {[%clk 00:48:10]} {[%emt 00:00:15]} 29.
Kg5 {[%clk 00:40:11]} {[%emt 00:01:19]} Rf5+ {[%clk 00:48:11]} {[%emt
00:00:04]} 30. Kh6 {[%clk 00:39:39]} {[%emt 00:00:32]} Rxe5 {[%clk 00:47:57]}
{[%emt 00:00:38]} 31. Kxh7 {[%clk 00:39:33]} {[%emt 00:00:16]} Kxd6 {[%clk
00:47:46]} {[%emt 00:00:20]} 32. h4 {[%clk 00:38:47]} {[%emt 00:00:26]} Rf5
{[%clk 00:47:48]} {[%emt 00:00:39]} 33. Kg6 {[%clk 00:37:36]} {[%emt 00:01:21]}
Ke6 {[%clk 00:47:46]} {[%emt 00:00:13]} 34. h5 {[%clk 00:37:10]} {[%emt
00:00:34]} Rf6 {[%clk 00:47:30]} {[%emt 00:00:27]} 35. Kg7 {[%clk 00:36:49]}
{[%emt 00:00:30]} b5 {[%clk 00:47:24]} {[%emt 00:00:16]} 36. h6 {[%clk
00:36:43]} {[%emt 00:00:16]} Rxh6 {[%clk 00:47:14]} {[%emt 00:00:21]} 37. Kxh6
{[%clk 00:36:39]} {[%emt 00:00:14]} Kd5 {[%clk 00:47:20]} {[%emt 00:00:04]} 38.
Kg6 {[%clk 00:36:21]} {[%emt 00:00:27]} Kc4 {[%clk 00:47:17]} {[%emt 00:00:15]}
39. Kf6 {[%clk 00:36:10]} {[%emt 00:00:20]} Kxc3 {[%clk 00:47:11]} {[%emt
00:00:16]} 40. Ke6 {[%clk 00:35:46]} {[%emt 00:00:13]} Kb2 {[%clk 00:47:08]}
{[%emt 00:00:34]} 41. Kd6 {[%clk 00:35:27]} {[%emt 00:00:17]} Kxa2 {[%clk
00:46:48]} {[%emt 00:00:42]} 42. Kxc6 {[%clk 00:35:17]} {[%emt 00:00:19]} b4
{[%clk 00:46:51]} {[%emt 00:00:08]} 43. Kb5 {[%clk 00:34:41]} {[%emt 00:00:28]}
b3 {[%clk 00:46:51]} {[%emt 00:00:28]} 44. Ka6 {[%clk 00:34:08]} {[%emt
00:00:43]} b2 {[%clk 00:46:57]} {[%emt 00:00:05]} 45. Kxa7 {[%clk 00:34:13]}
{[%emt 00:00:04]} b1=Q {[%clk 00:46:48]} {[%emt 00:00:20]} 46. Ka8 {[%clk
00:33:45]} {[%emt 00:00:19]} Qb5 {[%clk 00:46:54]} {[%emt 00:00:21]} 47. Ka7
{[%clk 00:33:08]} {[%emt 00:00:18]} Kb3 {[%clk 00:47:01]} {[%emt 00:00:33]} 48.
Ka8 {[%clk 00:32:52]} {[%emt 00:00:26]} Kc4 {[%emt 00:00:06]} 49. Ka7 {[%clk
00:32:46]} {[%emt 00:00:14]} Kc5 {[%clk 00:47:14]} {[%emt 00:00:03]} 50. Ka8
{[%clk 00:32:38]} {[%emt 00:00:18]} Kc6 {[%clk 00:47:15]} {[%emt 00:00:09]} 51.
Ka7 {[%clk 00:32:09]} {[%emt 00:00:40]} Qb7# {[%clk 00:47:21]} {[%emt
00:00:03]} 0-1